Southville International School and Colleges
Your cart is empty.
  • Cart
  • Lists
    Public lists Eva Luna New books Lux_list list_1
    Your lists Log in to create your own lists
  • Log in to your account
  • Your cookies
  • Search history
Southville International School and Colleges
  • Advanced search
  • Recent comments
  • Most popular
  • Libraries

Log in to your account

Log in with GOOGLE


If you do not have an external account, but do have a local account, you can still log in:

  1. Home
  2. MARC view: Doing research in counselling and psychotherapy /
Normal view MARC view ISBD view

Doing research in counselling and psychotherapy / (Record no. 288888)

[ view plain ]
MARC details
000 -LEADER
fixed length control field 01178cam a22003375a 4500
001 - CONTROL NUMBER
control field 18148421
003 - CONTROL NUMBER IDENTIFIER
control field PILC
005 - DATE AND TIME OF LATEST TRANSACTION
control field 20151105083451.0
008 - FIXED-LENGTH DATA ELEMENTS--GENERAL INFORMATION
fixed length control field 140512s2015 cau b 001 0 eng
010 ## - LIBRARY OF CONGRESS CONTROL NUMBER
LC control number 2014940524
020 ## - INTERNATIONAL STANDARD BOOK NUMBER
International Standard Book Number 9781446201381 (hardback)
020 ## - INTERNATIONAL STANDARD BOOK NUMBER
International Standard Book Number 1446201384 (hardback)
020 ## - INTERNATIONAL STANDARD BOOK NUMBER
International Standard Book Number 9781446201398 (paperback)
020 ## - INTERNATIONAL STANDARD BOOK NUMBER
International Standard Book Number 1446201392 (paperback)
040 ## - CATALOGING SOURCE
Original cataloging agency DLC
Language of cataloging eng
Description conventions rda
Transcribing agency DLC
042 ## - AUTHENTICATION CODE
Authentication code pcc
050 ## - LIBRARY OF CONGRESS CALL NUMBER
Classification number RC 337
Item number .D657 2015
100 1# - MAIN ENTRY--PERSONAL NAME
Personal name McLeod, John,
Dates associated with a name 1951-
240 10 - UNIFORM TITLE
Uniform title <a href="Doing counselling research">Doing counselling research</a>
245 10 - TITLE STATEMENT
Title Doing research in counselling and psychotherapy /
Statement of responsibility, etc John McLeod.
250 ## - EDITION STATEMENT
Edition statement Third edition.
260 ## - PUBLICATION, DISTRIBUTION, ETC. (IMPRINT)
Place of publication, distribution, etc Los Angeles :
Name of publisher, distributor, etc SAGE,
Date of publication, distribution, etc 2015.
300 ## - PHYSICAL DESCRIPTION
Extent xi, 269 pages ;
Dimensions 26 cm.
500 ## - GENERAL NOTE
General note Revision of: Doing counselling research. 2nd ed. London : SAGE, 2003.
500 ## - GENERAL NOTE
General note Includes bibliographical references and index.
650 #0 - SUBJECT ADDED ENTRY--TOPICAL TERM
Topical term or geographic name as entry element Counseling
General subdivision Research
-- Methodology.
906 ## - LOCAL DATA ELEMENT F, LDF (RLIN)
a 0
b ibc
c origcop
d 2
e ncip
f 20
g y-gencatlg
942 ## - ADDED ENTRY ELEMENTS (KOHA)
Source of classification or shelving scheme Library of Congress Classification
Koha item type Books
Call number prefix Foreign
Holdings
Withdrawn status Lost status Source of classification or shelving scheme Damaged status Home library Current library Shelving location Date acquired Source of acquisition Cost, normal purchase price Sub Shelving location Total Checkouts Total Renewals Full call number Barcode Date last seen Date checked out Price effective from Koha item type
    Library of Congress Classification   College Library College Library Reserve Section 11/05/2015 Library Fund 3125.00   1 4 RC 337 .D657 2015 C20217 05/15/2018 08/30/2017 11/05/2015 Books

Doing research in counselling and psychotherapy /

APA

McLeod J., . (2015). Doing research in counselling and psychotherapy. Los Angeles: SAGE.

Chicago

McLeod John, . 2015. Doing research in counselling and psychotherapy. Los Angeles: SAGE.

Harvard

McLeod J., . (2015). Doing research in counselling and psychotherapy. Los Angeles: SAGE.

MLA

McLeod John, . Doing research in counselling and psychotherapy. Los Angeles: SAGE. 2015.

  • Place hold
  • Print
  • Cite
  • Add to your cart (remove)
  • Save record
    BIBTEX Dublin Core MARCXML MARC (non-Unicode/MARC-8) MARC (Unicode/UTF-8) MARC (Unicode/UTF-8, Standard) MODS (XML) RIS
  • More searches
    Search for this title in:
    Other Libraries (WorldCat) Other Databases (Google Scholar) Online Stores (Bookfinder.com) Open Library (openlibrary.org)

Exporting to Dublin Core...

SOUTHVILLE LIBRARY

Southville International School and Colleges Library

1281 Tropical Ave. Cor. Luxembourg St., BF Homes International, Las Pinas City

Tel. No. 8256374 / 252358 Loc. 117/146

Powered by Koha